Die Theologische Schule Bethel nach der Schließung im Jahr 1939 und die Freien Helfer der Westfälischen Diakonenanstalt Nazareth

Saved in:  
Bibliographic Details
Main Author: Neumann, Reinhard (Author)
Format: Print Article
Language:German
Check availability: HBZ Gateway
Interlibrary Loan:Interlibrary Loan for the Fachinformationsdienste (Specialized Information Services in Germany)
Published: 2009
In: Jahrbuch für westfälische Kirchengeschichte
Year: 2009, Volume: 105, Pages: 289-306
Standardized Subjects / Keyword chains:B Kirchliche Hochschule Bethel / Deacon / Protestant Church / Training / National Socialism (1933-1945) / Geschichte 1939
IxTheo Classification:CG Christianity and Politics
FB Theological education
KBB German language area
KDD Protestant Church
Further subjects:B Theology
B Bielefeld
B Westfälische Diakonenanstalt und Bruderschaft Nazareth Bethel
B Protestant Church
B Diaconia
B College student
B Institute of higher learning
Parallel Edition:Electronic

MARC

LEADER 00000caa a22000002c 4500
001 608919098
003 DE-627
005 20250617121142.0
007 tu
008 150722s2009 xx ||||| 00| ||ger c
035 |a (DE-627)608919098 
035 |a (DE-576)438128877 
035 |a (DE-599)GBV608919098 
040 |a DE-627  |b ger  |c DE-627  |e rakwb 
041 |a ger 
084 |a 1  |2 ssgn 
100 1 |a Neumann, Reinhard  |e VerfasserIn  |4 aut 
245 1 4 |a Die Theologische Schule Bethel nach der Schließung im Jahr 1939 und die Freien Helfer der Westfälischen Diakonenanstalt Nazareth 
264 1 |c 2009 
336 |a Text  |b txt  |2 rdacontent 
337 |a ohne Hilfsmittel zu benutzen  |b n  |2 rdamedia 
338 |a Band  |b nc  |2 rdacarrier 
500 |a Literaturangaben 
500 |a Eine CD, die Kartenmaterial zu dem vorliegenden Jahrgang enthält, befindet sich als Beilage in 106. 2010 
601 |a Theologe 
601 |a Westfalen 
601 |a Nazareth 
610 2 7 |0 (DE-588)2060106-2  |0 (DE-627)103363939  |0 (DE-576)192061372  |a Westfälische Diakonenanstalt und Bruderschaft Nazareth  |g Bethel  |2 gnd 
650 0 7 |0 (DE-588)4059758-1  |0 (DE-627)104131446  |0 (DE-576)209132159  |a Theologie  |2 gnd 
650 0 7 |0 (DE-588)4058167-6  |0 (DE-627)106148141  |0 (DE-576)209125225  |a Student  |2 gnd 
650 0 7 |0 (DE-588)4015833-0  |0 (DE-627)106335138  |0 (DE-576)208913718  |a Evangelische Kirche  |2 gnd 
650 0 7 |0 (DE-588)4072560-1  |0 (DE-627)104757191  |0 (DE-576)209187387  |a Hochschule  |2 gnd 
650 0 7 |0 (DE-588)4012046-6  |0 (DE-627)104509643  |0 (DE-576)208896627  |a Diakonie  |2 gnd 
651 7 |0 (DE-588)4006510-8  |0 (DE-627)106377272  |0 (DE-576)20886590X  |a Bielefeld  |2 gnd 
652 |a CG:FB:KBB:KDD 
689 0 0 |d b  |0 (DE-588)36183-5  |0 (DE-627)100833241  |0 (DE-576)190344768  |2 gnd  |a Kirchliche Hochschule Bethel 
689 0 1 |d s  |0 (DE-588)4149467-2  |0 (DE-627)104450495  |0 (DE-576)209772263  |2 gnd  |a Diakon 
689 0 2 |d s  |0 (DE-588)4015833-0  |0 (DE-627)106335138  |0 (DE-576)208913718  |2 gnd  |a Evangelische Kirche 
689 0 3 |d s  |0 (DE-588)4112628-2  |0 (DE-627)10583582X  |0 (DE-576)209469536  |2 gnd  |a Ausbildung 
689 0 4 |d s  |0 (DE-588)4073444-4  |0 (DE-627)106092375  |0 (DE-576)209190493  |2 gnd  |a Kirchenkampf  |g 1933-1945 
689 0 5 |q z  |2 gnd  |a Geschichte 1939 
689 0 |5 (DE-627) 
773 0 8 |i In  |t Jahrbuch für westfälische Kirchengeschichte  |d Bielefeld : Verein für Westfäl. Kirchengeschichte, 1973  |g 105(2009), Seite 289-306  |w (DE-627)129095117  |w (DE-600)7404-4  |w (DE-576)014431238  |x 0341-9886  |7 nnas 
773 1 8 |g volume:105  |g year:2009  |g pages:289-306 
776 0 8 |i Reproduziert als  |a Neumann, Reinhard  |t Die Theologische Schule Bethel nach der Schließung im Jahr 1939 und die Freien Helfer der Westfälischen Diakonenanstalt Nazareth  |d 2009  |w (DE-627)1928447031  |k Electronic 
935 |a DTH5 
935 |i Blocktest 
951 |a AR 
ELC |b 1 
ITA |a 1  |t 1 
LOK |0 000 xxxxxcx a22 zn 4500 
LOK |0 001 3283746605 
LOK |0 003 DE-627 
LOK |0 004 608919098 
LOK |0 005 20180604080206 
LOK |0 008 160404||||||||||||||||ger||||||| 
LOK |0 040   |a DE-Tue135  |c DE-627  |d DE-Tue135 
LOK |0 092   |o n 
LOK |0 852   |a DE-Tue135 
LOK |0 852 1  |9 00 
LOK |0 935   |a ixzs  |a ixmi 
LOK |0 936ln  |0 1442044047  |a FB 
LOK |0 936ln  |0 1442043911  |a CG 
LOK |0 936ln  |0 1442050047  |a KDD 
LOK |0 936ln  |0 1442044721  |a KBB 
LOK |0 939   |a 04-04-16  |b l01 
ORI |a SA-MARC-ixtheoa001.raw 
REF |a Evangelische Kirchengeschichte 
STA 0 0 |a College student,Students,Students in art,Students in literature,College students in literature,Deacon,Diaconate,Diaconia,Charitable service,Innere Mission,Charity,Charitable service,Institute of higher learning,Protestant Church,Protestant Church,Protestant Church,Evangelical Church,Theology,Theology,Training,Education 
STB 0 0 |a Diaconie,Diacre,Formation,Théologie,Théologie,Université,Établissement d’enseignement supérieur,Établissement d’enseignement supérieur,Église protestante,Église protestante,Étudiant 
STC 0 0 |a Diaconia,Diácono,Estudiante universitario,Formación,Iglesia evangélica,Iglesia evangélica,Teología,Teología,Universidad,Escuela superior,Escuela superior 
STD 0 0 |a Chiesa evangelica,Chiesa evangelica,Diaconia,Diakonie,Diakonie,Diacono,Formazione,Formazione professionale,Formazione professionale,Studente universitario,Teologia,Teologia,Università,Ateneo,Ateneo 
STE 0 0 |a 大学生,学生,执事,会吏,助祭,教会慈惠服务,教会服务,教会慈善服务,新教教会,神学家,职业教育,职业培训 
STF 0 0 |a 執事,會吏,助祭,大學生,學生,教會慈惠服務,教會服務,教會慈善服務,新教教會,神學家,職業教育,職業培訓 
STG 0 0 |a Diaconia,Diácono,Estudante universitário,Formação,Igreja evangélica,Igreja evangélica,Teologia,Teologia,Universidade,Escola superior,Escola superior 
STH 0 0 |a Богословие (мотив),Богословие,Высшее учебное заведение,вуз,Диакония,Дьякон,Евангелическая церковь (мотив),Евангелическая церковь,Обучение,Студент 
STI 0 0 |a Διάκονος,Διακονία,Διακονικό έργο,Ευαγγελική Εκκλησία (μοτίβο),Ευαγγελική Εκκλησία,Θεολογία (μοτίβο),Θεολογία,Κατάρτιση,Επαγγελματική εκπαίδευση,Πανεπιστήμιο,Φοιτητής 
SYB 0 0 |a Diakonenanstalt und Bruderschaft Nazareth,Bruderschaft Nazareth,Nazareth,Westfälische Diakonieanstalt und Bruderschaft Nazareth,Diakonieanstalt und Bruderschaft Nazareth,Bruderschaft Nazareth,Nazareth 
SYE 0 0 |a Christliche Theologie , Studierender,Studenten , Evangelische Kirche in Karlsruhe , Protestant Church,Eglise protestante , Waldkapelle Klosterreichenbach,Petruskirche Heselbach,Drei-Meister-Kirche Helmershausen,Ev. Kirche,Evangelische Stadtkirche,Sankt Nikolaus,Nikolaikirche Elmshorn,Sankt Gereon,Schurwald-Kirchlein Aichschiess,Sankt Gereon und Margaretha,Evangelische Kirche Werden , Hochschulwesen,Hochschulsystem,Hochschulen , Diakonisches Werk im Kirchenbezirk Großenhain,Von-Bodelschwinghsche Anstalten,Zweiganstalten,Von-Bodelschwinghsche Anstalten,Freistatt,Diakonie Freistatt , Evangelische Sozialarbeit 
SYF 0 0 |a Bylanuelde,Bilefelʹd,Stadt Bielefeld 
SYG 0 0 |a Theologische Schule Bethel , Diakonat,Diakone , Evangelische Kirche in Karlsruhe , Protestant Church,Eglise protestante , Waldkapelle Klosterreichenbach,Petruskirche Heselbach,Drei-Meister-Kirche Helmershausen,Ev. Kirche,Evangelische Stadtkirche,Sankt Nikolaus,Nikolaikirche Elmshorn,Sankt Gereon,Schurwald-Kirchlein Aichschiess,Sankt Gereon und Margaretha,Evangelische Kirche Werden 
TIM |a 100019390101_100019391231  |b Geschichte 1939